000 00504nam a2200181Ia 4500
005 20250326124457.0
008 250326s9999 xx 000 0 und d
037 _aTextbook
040 _aFMSL
_beng
_cFMSL
041 _aeng
_2eng
084 _aX:8 K51;1
_qFMSL
100 _aMajesty's H
_9737470
245 0 _aPractice of O & M
_cMajesty's H
260 _aLondon
_bLondon, Her Majesty's Stationery Office
_c1965
300 _a108p
942 _cTB
_hX:8 K51;1
999 _c1273869
_d1273869